Ekonomické dôsledky dopytového šoku
Analýza a ohodnotenie ekonomických dôsledkov pozitívneho šoku v agregátnom dopyte na vybrané makroekonomické premenné v prípade Slovenska. Efekty dopytového šoku na vybrané premenné boli identifikované na základe odhadu modelu VEC, ktorý využíva Choleskeho dekompozíciu inovácií.
Enregistré dans:
| Auteur principal: | |
|---|---|
| Autres auteurs: | |
| Format: | Chapitre de livre |
| Langue: | slovaque |
| Sujets: | |
| Tags: |
Pas de tags, Soyez le premier à ajouter un tag!
|
MARC
| LEADER | 00000naa a2200000 4500 | ||
|---|---|---|---|
| 001 | 0200361 | ||
| 005 | 20220519095514.5 | ||
| 041 | 0 | |a slo | |
| 044 | |a SK | ||
| 245 | 1 | 0 | |a Ekonomické dôsledky dopytového šoku |c Ľudmila Bartóková, Júlia Ďurčová |
| 520 | |a Analýza a ohodnotenie ekonomických dôsledkov pozitívneho šoku v agregátnom dopyte na vybrané makroekonomické premenné v prípade Slovenska. Efekty dopytového šoku na vybrané premenné boli identifikované na základe odhadu modelu VEC, ktorý využíva Choleskeho dekompozíciu inovácií. | ||
| 610 | 2 | 0 | |a spotreba |
| 610 | 2 | 0 | |a Slovensko |
| 610 | 2 | 0 | |a eurozóna |
| 610 | 2 | 0 | |a investície |
| 610 | 2 | 0 | |a dopyt agregátny |
| 100 | 1 | |a Bartóková, Ľudmila | |
| 700 | 1 | |a Ďurčová, Júlia | |